Vista normal
Vista MARC
Entrada Topical Term
Número de registros utilizados en: 1
001 - CONTROL NUMBER
- control field: 57518
003 - CONTROL NUMBER IDENTIFIER
- control field: OSt
005 - DATE AND TIME OF LATEST TRANSACTION
- control field: 20250115093809.0
008 - FIXED-LENGTH DATA ELEMENTS
- fixed length control field: 250115|| aca||aabn | a|a d
040 ## - CATALOGING SOURCE
- Original cataloging agency: OSt
- Transcribing agency: OSt
150 ## - HEADING--TOPICAL TERM
- Topical term or geographic name entry element: canciones
670 ## - SOURCE DATA FOUND
- Source citation: Work cat.: (OSt)56733: autores varios 57516, Incy Wincy Araña/